[Event "Olympiad-42"]
[Site "Baku"]
[Date "2016.09.08"]
[Round "6.2"]
[White "Postny, Evgeny"]
[Black "Pinal, Nelson Borges"]
[Result "1-0"]
[WhiteElo "2619"]
[BlackElo "2320"]
[PlyCount "85"]
[EventDate "2016.09.02"]
[EventType "team-swiss"]
[EventRounds "11"]
[EventCountry "AZE"]
[SourceTitle "CBM 175"]
[Source "ChessBase"]
[SourceDate "2016.11.10"]
[SourceVersion "1"]
[SourceVersionDate "2016.11.10"]
[SourceQuality "1"]
[WhiteTeam "Israel"]
[BlackTeam "Dominican Republic"]
[WhiteTeamCountry "ISR"]
[BlackTeamCountry "DOM"]

1. d4 Nf6 2. c4 g6 3. Nc3 Bg7 4. e4 d6 5. Nf3 0-0 6. h3 e5 7. d5 Na6 8. Be3 Nc5 9. Nd2 a5 10. g4 Bd7 11. Be2 c6 12. g5 Ne8 13. h4 f5 14. h5 Rf7 15. Nf3 fxe4 16. Nh4 Bf5 17. hxg6 hxg6 18. Nxf5 gxf5 19. Bh5 Nd3+ 20. Kf1 Qe7 21. Bg6 Nxb2 22. Qe2 Nd3 23. Qh5 Nf4 24. Bxf7+ Qxf7 25. Qxf7+ Kxf7 26. Rb1 Rc8 27. Rxb7+ Kg6 28. dxc6 Rxc6 29. Bxf4 exf4 30. Nd5 Rxc4 31. Nxf4+ Kxg5 32. Ne6+ Kf6 33. Nxg7 Nxg7 34. Rh7 Rc1+ 35. Kg2 f4 36. Rhxg7 f3+ 37. Kh2 Rc2 38. Kg3 Rxa2 39. Rbe7 Rd2 40. Rgf7+ Kg6 41. Rf4 d5 42. Re6+ Kg7 43. Ra6 1-0

[Event "Olympiad-42"]
[Site "Baku"]
[Date "2016.09.05"]
[Round "4.2"]
[White "Pinal, Nelson Borges"]
[Black "Silva, David Miguel Da"]
[Result "1/2-1/2"]
[WhiteElo "2320"]
[BlackElo "2276"]
[PlyCount "141"]
[EventDate "2016.09.02"]
[EventType "team-swiss"]
[EventRounds "11"]
[EventCountry "AZE"]
[SourceTitle "CBM 175"]
[Source "ChessBase"]
[SourceDate "2016.11.10"]
[SourceVersion "1"]
[SourceVersionDate "2016.11.10"]
[SourceQuality "1"]
[WhiteTeam "Dominican Republic"]
[BlackTeam "Angola"]
[WhiteTeamCountry "DOM"]
[BlackTeamCountry "ANG"]

1. e4 e5 2. Nf3 Nc6 3. Bb5 a6 4. Bxc6 dxc6 5. 0-0 Ne7 6. d3 Ng6 7. Be3 Bd6 8. Nbd2 0-0 9. Nc4 f5 10. exf5 Bxf5 11. Ng5 Qe8 12. Nd2 h6 13. Nge4 Nh4 14. Ng3 Qe6 15. Nxf5 Nxf5 16. Qg4 Kh8 17. Ne4 Rae8 18. b3 Qf7 19. Qh3 Kg8 20. Rae1 Bb4 21. Re2 Be7 22. Rfe1 Bb4 23. Rf1 Re6 24. Kh1 b6 25. Rg1 g5 26. Qg4 Be7 27. Ng3 Ng7 28. Qc4 a5 29. a4 h5 30. Ne4 Qg6 31. Rge1 g4 32. Bd2 Kh8 33. Bc3 h4 34. Nd2 Bd6 35. Kg1 h3 36. g3 Qf5 37. Qe4 Qg5 38. f3 Bc5+ 39. Kh1 Bd4 40. f4 Qd8 41. f5 Rxf5 42. Bxd4 Qxd4 43. Qxd4 exd4 44. Kg1 Rxe2 45. Rxe2 Rc5 46. Ne4 Re5 47. Rf2 Nf5 48. Rf4 Ne3 49. Rf7 Rf5 50. Rxf5 Nxf5 51. Nf6 Ne3 52. Kf2 Nxc2 53. Nxg4 Na1 54. Ne5 Nxb3 55. Nxc6 Nc1 56. Nxd4 c5 57. Nb5 Nxd3+ 58. Ke3 Nb2 59. Nc3 Kh7 60. Ke4 Kh6 61. Kf5 Kg7 62. Ke6 c4 63. Kd5 Kg6 64. Kc6 Kg5 65. Kxb6 Kg4 66. Kxa5 Kf3 67. Kb4 Kg2 68. Ne4 Kxh2 69. Ng5 Kxg3 70. Nxh3 Nxa4 71. Kxc4 1/2-1/2

[Event "DOM-ch"]
[Site "Santo Domingo"]
[Date "2015.05.03"]
[Round "4"]
[White "Pinal, Nelson Borges"]
[Black "Guzman, Christopher"]
[Result "1/2-1/2"]
[WhiteElo "2309"]
[BlackElo "2197"]
[PlyCount "43"]
[EventDate "2015.05.01"]
[EventType "swiss"]
[EventRounds "11"]
[EventCountry "DOM"]
[SourceTitle "CBM 166 Extra"]
[Source "ChessBase"]
[SourceDate "2015.06.18"]
[SourceVersion "1"]
[SourceVersionDate "2015.06.18"]
[SourceQuality "1"]

1. e4 e5 2. Nf3 Nc6 3. Bc4 Bc5 4. 0-0 Nf6 5. d3 0-0 6. Re1 d6 7. c3 Bb6 8. a4 a6 9. Nbd2 Ne7 10. Bb3 Ng6 11. Nc4 Ba7 12. Bc2 Be6 13. Ne3 h6 14. d4 Re8 15. b3 Nh7 16. Nc4 Qf6 17. h3 Ng5 18. Nxg5 hxg5 19. Be3 Nf4 20. Na5 Bb6 21. Nc4 exd4 22. Bxd4 1/2-1/2

[Event "DOM-ch"]
[Site "Santo Domingo"]
[Date "2015.05.02"]
[Round "2"]
[White "Pinal, Nelson Borges"]
[Black "Estevez Polanco, Leonardo Rafael"]
[Result "1/2-1/2"]
[WhiteElo "2309"]
[BlackElo "2133"]
[PlyCount "47"]
[EventDate "2015.05.01"]
[EventType "swiss"]
[EventRounds "11"]
[EventCountry "DOM"]
[SourceTitle "CBM 166 Extra"]
[Source "ChessBase"]
[SourceDate "2015.06.18"]
[SourceVersion "1"]
[SourceVersionDate "2015.06.18"]
[SourceQuality "1"]

1. e4 e5 2. Nf3 Nc6 3. Bb5 Nf6 4. d3 Bc5 5. 0-0 Qe7 6. c3 a6 7. Ba4 b5 8. Bb3 d6 9. a4 Rb8 10. axb5 axb5 11. d4 Bb6 12. Na3 0-0 13. Re1 Bg4 14. Nxb5 Bxf3 15. gxf3 exd4 16. Nxd4 Nxd4 17. cxd4 Bxd4 18. Qxd4 Rxb3 19. Ra3 Rfb8 20. Re3 R3b4 21. Qa7 R4b7 22. Qd4 Rb4 23. Qa7 R4b7 24. Qd4 1/2-1/2

[Event "Olympiad-40"]
[Site "Istanbul"]
[Date "2012.09.07"]
[Round "10.2"]
[White "Pinal, Nelson Borges"]
[Black "Miezis, Normunds"]
[Result "0-1"]
[WhiteElo "2322"]
[BlackElo "2580"]
[PlyCount "116"]
[EventDate "2012.08.28"]
[EventType "team-swiss"]
[EventRounds "11"]
[EventCountry "TUR"]
[SourceTitle "CBM 151"]
[Source "ChessBase"]
[SourceDate "2012.11.13"]
[SourceVersion "1"]
[SourceVersionDate "2012.11.13"]
[SourceQuality "1"]
[WhiteTeam "Dominican Republic"]
[BlackTeam "Latvia"]
[WhiteTeamCountry "DOM"]
[BlackTeamCountry "LAT"]

1. e4 c5 2. Nf3 e6 3. d4 cxd4 4. Nxd4 a6 5. Nc3 Qc7 6. g3 Bb4 7. Nde2 Nf6 8. Bg2 Be7 9. 0-0 Nc6 10. a4 b6 11. h3 Bb7 12. g4 h6 13. Bf4 d6 14. Ng3 Ne5 15. Qe2 g5 16. Be3 Rc8 17. Rad1 Nc4 18. Bc1 Nd7 19. Nh5 Qc5 20. Nb1 Nce5 21. c3 Qc4 22. Qc2 Qc6 23. f4 gxf4 24. Bxf4 Kd8 25. Nd2 Bg5 26. Bg3 Kc7 27. Nf3 Qc5+ 28. Kh1 Kb8 29. Nxe5 Nxe5 30. Bxe5 Qxe5 31. Rxf7 Rhf8 32. Rdf1 Rxf7 33. Rxf7 Rc4 34. Rf8+ Rc8 35. Rf7 Rc7 36. Rxc7 Kxc7 37. Qd3 Kb8 38. Qd4 Qxd4 39. cxd4 Kc7 40. Ng7 Kd7 41. d5 exd5 42. exd5 Bf6 43. Nf5 Bxb2 44. Ne3 Bc1 45. Nc4 Kc7 46. Kg1 Bc8 47. Kf2 Bd7 48. Ke2 Bxa4 49. h4 Bd7 50. Bf3 Bf4 51. Ne3 a5 52. Ng2 Be5 53. Kd3 b5 54. Ne3 Kb6 55. g5 hxg5 56. hxg5 a4 57. Bd1 Kc5 58. g6 b4 0-1

[Event "Olympiad-40"]
[Site "Istanbul"]
[Date "2012.09.06"]
[Round "9.2"]
[White "Hossain, Enamul"]
[Black "Pinal, Nelson Borges"]
[Result "1/2-1/2"]
[WhiteElo "2480"]
[BlackElo "2322"]
[PlyCount "62"]
[EventDate "2012.08.28"]
[EventType "team-swiss"]
[EventRounds "11"]
[EventCountry "TUR"]
[SourceTitle "CBM 151"]
[Source "ChessBase"]
[SourceDate "2012.11.13"]
[SourceVersion "1"]
[SourceVersionDate "2012.11.13"]
[SourceQuality "1"]
[WhiteTeam "Bangladesh"]
[BlackTeam "Dominican Republic"]
[WhiteTeamCountry "BAN"]
[BlackTeamCountry "DOM"]

1. e4 c5 2. Nf3 Nc6 3. d4 cxd4 4. Nxd4 g6 5. Nc3 Bg7 6. Nde2 Nf6 7. g3 d6 8. Bg2 0-0 9. 0-0 Rb8 10. a4 a6 11. h3 Qc7 12. Bg5 e6 13. Qd2 b5 14. axb5 axb5 15. Rfd1 b4 16. Na4 d5 17. Bxf6 Bxf6 18. exd5 exd5 19. Nf4 Ne7 20. Nxd5 Nxd5 21. Qxd5 Qxc2 22. Rd2 Qc7 23. Qc5 Qxc5 24. Nxc5 Rd8 25. Rxd8+ Bxd8 26. Re1 Kf8 27. Rd1 Be7 28. Nd7+ Bxd7 29. Rxd7 Rd8 30. Rxd8+ Bxd8 31. b3 Bb6 1/2-1/2

[Event "Olympiad-40"]
[Site "Istanbul"]
[Date "2012.08.29"]
[Round "2.1"]
[White "Sanches, Casanova Romario"]
[Black "Pinal, Nelson Borges"]
[Result "1/2-1/2"]
[WhiteElo "2030"]
[BlackElo "2322"]
[PlyCount "96"]
[EventDate "2012.08.28"]
[EventType "team-swiss"]
[EventRounds "11"]
[EventCountry "TUR"]
[SourceTitle "CBM 151"]
[Source "ChessBase"]
[SourceDate "2012.11.13"]
[SourceVersion "1"]
[SourceVersionDate "2012.11.13"]
[SourceQuality "1"]
[WhiteTeam "Surinam"]
[BlackTeam "Dominican Republic"]
[WhiteTeamCountry "SUR"]
[BlackTeamCountry "DOM"]

1. e4 c5 2. Nf3 e6 3. d4 cxd4 4. Nxd4 Nf6 5. Nc3 d6 6. Be2 Nc6 7. Be3 Be7 8. 0-0 0-0 9. f4 Qc7 10. Bf3 Nxd4 11. Bxd4 e5 12. Be3 exf4 13. Bd4 Be6 14. Qd2 Nd7 15. Qxf4 Ne5 16. Rad1 a6 17. Qg3 Rae8 18. Kh1 b5 19. a3 Bc4 20. Rg1 Bf6 21. Rge1 g6 22. Qf2 Bg7 23. Bb6 Qe7 24. b3 Be6 25. Bd4 Rc8 26. Rd2 Rc7 27. Ne2 Rfc8 28. Ng1 h5 29. Red1 Rc6 30. Re1 Qc7 31. Bd1 Rf8 32. h3 f5 33. Qg3 Kh7 34. Nf3 Nxf3 35. gxf3 f4 36. Qg2 Be5 37. Rg1 Qg7 38. Bxe5 dxe5 39. Kh2 Qf6 40. Qg5 Rf7 41. Qxf6 Rxf6 42. Rg5 Rc5 43. b4 Rc3 44. Rd3 Rc6 45. Rxe5 Bc4 46. Rd7+ Kh6 47. Ree7 Rfd6 48. Kg2 Be6 1/2-1/2

[Event "Copa Samanel 4th"]
[Site "Dominican Republic"]
[Date "1998.12.21"]
[Round "8"]
[White "Fernandez, Marino"]
[Black "Pinal, Nelson Borges"]
[Result "1/2-1/2"]
[WhiteElo "2180"]
[BlackElo "2330"]
[PlyCount "32"]
[EventDate "1998.12.??"]
[EventType "tourn"]
[EventRounds "9"]
[EventCountry "DOM"]
[SourceTitle "EXT 2000"]
[Source "ChessBase"]
[SourceDate "1999.11.16"]
[SourceVersion "1"]
[SourceVersionDate "1999.11.16"]
[SourceQuality "1"]

1. Nf3 f5 2. c4 Nf6 3. g3 g6 4. b3 Bg7 5. Bb2 d6 6. d4 0-0 7. Bg2 Qe8 8. 0-0 Na6 9. Nbd2 e5 10. dxe5 Ng4 11. a3 dxe5 12. Qc2 e4 13. Bxg7 Kxg7 14. Qc3+ Rf6 15. Nd4 Qe5 16. e3 c5 1/2-1/2

[Event "Copa Samanel 4th"]
[Site "Dominican Republic"]
[Date "1998.12.18"]
[Round "5"]
[White "Pinal, Nelson Borges"]
[Black "Jaquez, Juan Manuel"]
[Result "1/2-1/2"]
[WhiteElo "2330"]
[BlackElo "2220"]
[PlyCount "42"]
[EventDate "1998.12.??"]
[EventType "tourn"]
[EventRounds "9"]
[EventCountry "DOM"]
[SourceTitle "EXT 2000"]
[Source "ChessBase"]
[SourceDate "1999.11.16"]
[SourceVersion "1"]
[SourceVersionDate "1999.11.16"]
[SourceQuality "1"]

1. e4 e6 2. d4 d5 3. Nc3 Bb4 4. e5 c5 5. Bd2 Ne7 6. Nb5 Bxd2+ 7. Qxd2 0-0 8. c3 a6 9. Nd6 cxd4 10. cxd4 Nbc6 11. f4 Qb6 12. Nf3 Bd7 13. Be2 f6 14. Rd1 Nc8 15. Nxc8 Raxc8 16. 0-0 f5 17. Rc1 Rc7 18. Rc3 Rfc8 19. Rfc1 Na7 20. Rxc7 Rxc7 21. Rxc7 Qxc7 1/2-1/2

[Event "San Jose"]
[Site "San Jose"]
[Date "1994.??.??"]
[Round "4"]
[White "Minero Pineda, Sergio"]
[Black "Pinal, Nelson Borges"]
[Result "1/2-1/2"]
[WhiteElo "2440"]
[BlackElo "2315"]
[PlyCount "89"]
[EventDate "1994.??.??"]
[EventType "tourn"]
[EventRounds "10"]
[EventCountry "CRI"]
[EventCategory "4"]
[SourceTitle "EXT 2002"]
[Source "ChessBase"]
[SourceDate "2001.11.25"]
[SourceVersion "1"]
[SourceVersionDate "2001.11.25"]
[SourceQuality "1"]

1. d4 Nf6 2. c4 g6 3. g3 Bg7 4. Bg2 0-0 5. Nc3 d6 6. Nf3 c6 7. 0-0 Nbd7 8. e4 e5 9. h3 Re8 10. Re1 exd4 11. Nxd4 a5 12. Rb1 Nc5 13. Bf4 h6 14. Nb3 Nxb3 15. axb3 Bf8 16. Qd2 g5 17. Be3 Nd7 18. Rbd1 Qe7 19. f4 f6 20. Bf3 Qg7 21. Kh2 Be7 22. Na4 Kh8 23. Ra1 Rg8 24. Rg1 Ra6 25. Bg4 Rd8 26. Qf2 Nf8 27. Bb6 Re8 28. Bh5 Bd7 29. Bxe8 Bxe8 30. Rad1 c5 31. Bc7 Ne6 32. Bb8 Qf8 33. fxg5 hxg5 34. Nc3 Bc6 35. Nd5 Bxd5 36. exd5 Nd4 37. Rde1 Bd8 38. Re4 f5 39. Rge1 Kg7 40. Re8 Qf6 41. Qe3 Ra8 42. Bc7 f4 43. gxf4 gxf4 44. Rg1+ Kf7 45. Qd3 1/2-1/2

[Event "San Jose"]
[Site "San Jose"]
[Date "1994.??.??"]
[Round "8"]
[White "Pinal, Nelson Borges"]
[Black "Ugalde Garcia, Ronald"]
[Result "1-0"]
[WhiteElo "2315"]
[BlackElo "2225"]
[PlyCount "63"]
[EventDate "1994.??.??"]
[EventType "tourn"]
[EventRounds "10"]
[EventCountry "CRI"]
[EventCategory "4"]
[SourceTitle "EXT 2002"]
[Source "ChessBase"]
[SourceDate "2001.11.25"]
[SourceVersion "1"]
[SourceVersionDate "2001.11.25"]
[SourceQuality "1"]

1. e4 c5 2. Nf3 d6 3. d4 cxd4 4. Qxd4 Nf6 5. e5 Nc6 6. Bb5 Ng4 7. exd6 exd6 8. 0-0 Nf6 9. Re1+ Be7 10. Bf4 Be6 11. Ng5 Qd7 12. Nxe6 fxe6 13. Qd3 0-0 14. c4 Rf7 15. Qh3 e5 16. Qxd7 Nxd7 17. Be3 Nf6 18. Nc3 Raf8 19. h3 a6 20. Ba4 Kh8 21. Rad1 Na5 22. b3 Rc8 23. Bb6 Nc6 24. a3 g6 25. b4 Nd7 26. Be3 Bf8 27. Ne4 Nd4 28. Rxd4 exd4 29. Bxd4+ Ne5 30. c5 Rd8 31. Nxd6 Bxd6 32. cxd6 1-0

[Event "Capablanca Memorial-B 21st"]
[Site "Havana"]
[Date "1986.06.04"]
[Round "13"]
[White "Pinal, Nelson Borges"]
[Black "Moran, Bernardo"]
[Result "1/2-1/2"]
[WhiteElo "2390"]
[BlackElo "2420"]
[PlyCount "22"]
[EventDate "1986.05.20"]
[EventType "tourn"]
[EventRounds "13"]
[EventCountry "CUB"]
[EventCategory "8"]
[SourceTitle "EXT 2004"]
[Source "ChessBase"]
[SourceDate "2003.11.25"]
[SourceVersion "1"]
[SourceVersionDate "2003.11.25"]
[SourceQuality "1"]

1. e4 e6 2. d4 d5 3. Nd2 Nf6 4. e5 Nfd7 5. c3 c5 6. Ngf3 Nc6 7. Bd3 cxd4 8. cxd4 f6 9. exf6 Nxf6 10. 0-0 Bd6 11. Re1 0-0 1/2-1/2

[Event "Capablanca Memorial-B 21st"]
[Site "Havana"]
[Date "1986.06.01"]
[Round "10"]
[White "Vera Gonzalez Quevedo, Reynaldo"]
[Black "Pinal, Nelson Borges"]
[Result "1/2-1/2"]
[WhiteElo "2455"]
[BlackElo "2390"]
[PlyCount "24"]
[EventDate "1986.05.20"]
[EventType "tourn"]
[EventRounds "13"]
[EventCountry "CUB"]
[EventCategory "8"]
[SourceTitle "EXT 2012"]
[Source "ChessBase"]
[SourceDate "2011.11.24"]
[SourceVersion "1"]
[SourceVersionDate "2011.11.24"]
[SourceQuality "1"]

1. d4 Nf6 2. c4 g6 3. Nc3 Bg7 4. e4 d6 5. f4 0-0 6. Nf3 c5 7. d5 e6 8. Be2 exd5 9. e5 Ne8 10. cxd5 Nd7 11. Kf2 dxe5 12. d6 Qb6 1/2-1/2

[Event "Havana-A"]
[Site "Havana"]
[Date "1985.??.??"]
[Round "?"]
[White "Andres Mendez, Miguel"]
[Black "Pinal, Nelson Borges"]
[Result "1/2-1/2"]
[WhiteElo "2385"]
[BlackElo "2405"]
[PlyCount "30"]
[EventDate "1985.??.??"]
[EventType "tourn"]
[EventRounds "13"]
[EventCountry "CUB"]
[SourceTitle "EXT 1999"]
[Source "ChessBase"]
[SourceDate "1998.11.16"]
[SourceVersion "1"]
[SourceVersionDate "1998.11.16"]
[SourceQuality "1"]

1. e4 c5 2. Nf3 e6 3. d4 cxd4 4. Nxd4 Nf6 5. Nc3 d6 6. Bb5+ Nbd7 7. Bg5 a6 8. Bxd7+ Bxd7 9. f4 Be7 10. e5 dxe5 11. fxe5 Nd5 12. Bxe7 Nxc3 13. Bxd8 Nxd1 14. Rxd1 Rxd8 15. 0-0 0-0 1/2-1/2

[Event "Havana-A"]
[Site "Havana"]
[Date "1985.??.??"]
[Round "?"]
[White "Chiburdanidze, Maia"]
[Black "Pinal, Nelson Borges"]
[Result "1-0"]
[WhiteElo "2400"]
[BlackElo "2405"]
[PlyCount "46"]
[EventDate "1985.??.??"]
[EventType "tourn"]
[EventRounds "13"]
[EventCountry "CUB"]
[SourceTitle "EXT 1999"]
[Source "ChessBase"]
[SourceDate "1998.11.16"]
[SourceVersion "1"]
[SourceVersionDate "1998.11.16"]
[SourceQuality "1"]

1. e4 c5 2. Nf3 Nc6 3. d4 cxd4 4. Nxd4 g6 5. c4 Bg7 6. Be3 Nf6 7. Nc3 0-0 8. Be2 b6 9. 0-0 Bb7 10. f3 e6 11. Nxc6 Bxc6 12. Qd2 d5 13. cxd5 exd5 14. e5 Nd7 15. f4 f6 16. Bb5 Bb7 17. e6 Nc5 18. f5 a6 19. Bxc5 bxc5 20. Bd7 Qa5 21. Qd3 d4 22. Na4 Rad8 23. Qc4 Kh8 1-0

[Event "Havana-A"]
[Site "Havana"]
[Date "1985.??.??"]
[Round "?"]
[White "Pinal, Nelson Borges"]
[Black "Herrera Perez, Juventino"]
[Result "1/2-1/2"]
[WhiteElo "2405"]
[BlackElo "2350"]
[PlyCount "32"]
[EventDate "1985.??.??"]
[EventType "tourn"]
[EventRounds "13"]
[EventCountry "CUB"]
[SourceTitle "EXT 1999"]
[Source "ChessBase"]
[SourceDate "1998.11.16"]
[SourceVersion "1"]
[SourceVersionDate "1998.11.16"]
[SourceQuality "1"]

1. e4 e5 2. Nf3 Nc6 3. Bb5 a6 4. Ba4 Nf6 5. 0-0 Be7 6. Qe2 b5 7. Bb3 0-0 8. c3 d6 9. d4 Bg4 10. Rd1 Qe8 11. h3 Bxf3 12. Qxf3 Na5 13. Bc2 Nc4 14. a4 Nb6 15. axb5 axb5 16. Rxa8 Qxa8 1/2-1/2

[Event "Managua"]
[Site "Managua"]
[Date "1985.??.??"]
[Round "?"]
[White "Pinal, Nelson Borges"]
[Black "Kremenietsky, Anatoly M"]
[Result "1-0"]
[WhiteElo "2405"]
[BlackElo "2395"]
[PlyCount "75"]
[EventDate "1985.08.??"]
[EventType "tourn"]
[EventRounds "14"]
[EventCountry "NCA"]
[SourceTitle "EXT 2015"]
[Source "ChessBase"]
[SourceDate "2014.11.20"]
[SourceVersion "1"]
[SourceVersionDate "2014.11.20"]
[SourceQuality "1"]

1. e4 c6 2. d4 d5 3. exd5 cxd5 4. c4 Nf6 5. Nc3 g6 6. Nf3 Bg7 7. Be2 0-0 8. 0-0 Nc6 9. Re1 dxc4 10. Bxc4 Bg4 11. d5 Nb4 12. Qb3 Bxf3 13. gxf3 a5 14. Bg5 Qd7 15. Rad1 Rac8 16. Ne4 b5 17. Bf1 Qf5 18. Bxf6 Bxf6 19. a3 Nc2 20. Nxf6+ Qxf6 21. Re4 a4 22. Qxb5 Rb8 23. Qc6 Qxb2 24. Qxa4 Ra8 25. Qb5 Qxa3 26. Qe2 Rac8 27. Rxe7 Qc5 28. Re4 Qd6 29. Qa6 Qd7 30. d6 Rc5 31. Qd3 Rg5+ 32. Kh1 Rc5 33. Re7 Qd8 34. Qe4 Rc8 35. d7 Rb8 36. Bc4 Nb4 37. Bxf7+ Rxf7 38. Re8+ 1-0